| 000 | 00768nam a22002897a 4500 | ||
|---|---|---|---|
| 001 | 0000460 | ||
| 003 | DO-SdBNP | ||
| 005 | 20171108131643.0 | ||
| 007 | 0000460 | ||
| 008 | 160902b 1992 sp ||||| |||| 00| 0 spa d | ||
| 020 | _a8476724810 | ||
| 040 |
_aBPMSU _bspa _cBPMSU |
||
| 082 | 4 |
_a158.1 _bM958L |
|
| 100 | 1 | _aMuller, Gordon | |
| 245 | 1 | 0 |
_aLas llaves de la felicidad / _cGordon Muller. |
| 260 |
_aBarcelona : _bEdicomunicación, _c1992. |
||
| 300 |
_a157 p. ; _c20 cm. |
||
| 490 | 1 | _aArcana | |
| 650 | 4 | _aFELICIDAD | |
| 650 | 4 | _aEXITO | |
| 650 | 4 | _aCONDUCTA (ÉTICA) | |
| 830 | 0 | _aArcana | |
| 910 | _aValidado. Control de calidad MFF | ||
| 942 |
_2ddc _cBK |
||
| 945 | _aInventariado, 2017/MFF | ||
| 956 |
_2LOPEREZ _310 _620160902 _8BPMSU _a00041 |
||
| 999 |
_c11275 _d11275 |
||